El desarrollo del capitalismo en Rusia : (Registro nro. 7874)

Detalles MARC
000 -LEADER
fixed length control field 01271nam a2200229Ia 4500
003 - CONTROL NUMBER IDENTIFIER
control field OSt
005 - DATE AND TIME OF LATEST TRANSACTION
control field 20210525134154.0
008 - FIXED-LENGTH DATA ELEMENTS--GENERAL INFORMATION
fixed length control field 210310s1981 ru gr 001 0 spa d
040 ## - CATALOGING SOURCE
Original cataloging agency CO-JMCR
Transcribing agency CO-JMCR
041 0# - LANGUAGE CODE
Language code of text/sound track or separate title spa
082 04 - DEWEY DECIMAL CLASSIFICATION NUMBER
Classification number 330.947 /
Item number L566d
Edition number 23
100 1# - MAIN ENTRY--PERSONAL NAME
Personal name Lenin, Vladimir Ilich,
9 (RLIN) 14153
Relator term autor
245 13 - TITLE STATEMENT
Title El desarrollo del capitalismo en Rusia :
Remainder of title el proceso de la formación de un mercado interior para la gran industria /
Statement of responsibility, etc. V. I. Lenin
260 ## - PUBLICATION, DISTRIBUTION, ETC.
Place of publication, distribution, etc. Moscú :
Name of publisher, distributor, etc. Editorial Progreso,
Date of publication, distribution, etc. 1981
300 ## - PHYSICAL DESCRIPTION
Extent [3] láminas sin numerar, 816 páginas ;
Dimensions 20 cm.
500 ## - GENERAL NOTE
General note Incluye índice onomástico y notas a pie de páginas.
505 0# - FORMATTED CONTENTS NOTE
Formatted contents note Errores teóricos de los economistas populistas -- Diferenciación del campesinado -- Paso de los propietarios de tierra de la economía basada en la prestación personal a la capitalista -- El incremento de la agricultura comercial -- Las primeras fases del capitalismo en la industria -- La manufactura capitalista y el trabajo capitalista a domicilio -- El desarrollo de la gran industria maquinizada --Formación del mercado interior
650 14 - SUBJECT ADDED ENTRY--TOPICAL TERM
Topical term or geographic name entry element Industrias
9 (RLIN) 15694
Geographic subdivision Unión Soviética.
650 24 - SUBJECT ADDED ENTRY--TOPICAL TERM
Topical term or geographic name entry element Capitalismo
9 (RLIN) 37870
651 #4 - SUBJECT ADDED ENTRY--GEOGRAPHIC NAME
Geographic name Unión Soviética
General subdivision Condiciones económicas
9 (RLIN) 37871
942 ## - ADDED ENTRY ELEMENTS (KOHA)
Source of classification or shelving scheme Dewey Decimal Classification
Koha item type Books
Existencias
Withdrawn status Lost status Source of classification or shelving scheme Damaged status Not for loan Collection code Home library Current library Date acquired Source of acquisition Full call number Barcode Date last seen Copy number Koha item type
    Dewey Decimal Classification     Non-fiction Biblioteca Pública José María del Castillo y Rada Biblioteca Pública José María del Castillo y Rada 04/15/2018 Donación 330.947 / L566d 430003768 05/16/2024 Ej.1 Books